000 00256nam a2200097Ia 4500
008 220204s9999 xx 000 0 und d
082 _a382.5(71)
_bIMP
245 0 _aImporters of Indian products Canada
260 _aDelhi
_bForeign Trade Ministry
942 _cBK
999 _c22291
_d22291